000
00291nam a22001217a 4500
041
_a
ENG
100
_a
Sahai.B
245
_a
Remote Sensing In Development And Managent Og Water Resources
260
_a
Deradun
_b
Indian Society Of Photo
_c
1983
300
_a
332
650
_a
48
856
_u
48
999
_c
3116
_d
3116